000
00313nam a22001457a 4500
008
231124b ||||| |||| 00| 0 eng d
020
_a
9780816623778
041
_a
eng
080
_a
159.9
082
_a
159.9COL
100
_a
25
101
_a
PSI
245
_a
FIGHTING WORDS
_c
COLLINS .H.P
942
_2
udc
_c
BK
999
_c
60498
_d
60498